000
00311nam a2200133Ia 4500
100
_a
Kumbhojkar/G.v
942
_c
BK
654
_a
computational maths
245
_a
Computational Mathematical .Sem iv
260
_b
C.Jamnacs & Co.
_a
Pune
_c
2006
082
_a
005.31/KUM
_b
KUM
546
_a
ENGLISH
999
_c
32988
_d
32988